000 00414nam a2200157Ia 4500
003 GCL
008 140319s9999 xx 000 0 eng d
040 _aGCL /
_cGCL
082 0 4 _a658
_bS M
100 1 _aSCHERMERBORN, JOHN R
245 1 0 _aMANAGMENT FOR PRODUCTIVITY /
_cSCHERMERBORN, JOHN R
260 _a[S.N] :
_bJOHN WILEY AND SONS. INC ،
_c1993
300 _a758
650 0 4 _aMANAGEMENT
942 _2ddc
_cBK
999 _c16303
_d16303